000 00520nam a2200193Ia 4500
005 20250508164735.0
008 008 250505s9999 xx 000 0 eng d
037 _aTextual
040 _aFEDL
_beng
_cFEDL
041 _aeng
_2eng
084 _a320.54, RAI
_qFEDL
100 _aRai Alok
245 0 _aHindi nationalism
260 _aNew Delhi, India
_bOrient Longman Private Limited
_c2007
300 _axiv,138p.
365 _aINR
_b200
942 _cTEXL
_h320.54, RAI
999 _c1390847
_d1390847